| 000 | 00609nam a2200181 a 4500 | ||
|---|---|---|---|
| 001 | 000037574 | ||
| 005 | 20200930080440.0 | ||
| 008 | 120501s2002 sp 000 0 spa d | ||
| 020 | _a8400080823 | ||
| 040 |
_aDO-SdBNP _bspa _cBNPHU |
||
| 100 | 1 |
_aOlmo, Margarita del _964037 |
|
| 245 | 1 | 3 |
_aLa utopía en el exilio / _cMargarita del Olmo. |
| 260 |
_aMadrid : _bCSIC, _c2002. |
||
| 300 |
_a324 p. ; _c25 cm. |
||
| 504 | _aIncluye referencias bibliográficas y notas al pie de las páginas | ||
| 504 | _aBibliografía : p. 321-324 | ||
| 710 | 2 |
_aConsejo Superior de Investigaciones Científicas (España) _915178 |
|
| 999 |
_c37064 _d37064 |
||